Cognitive complexity explains processing asymmetry in judgments of similarity versus difference (Record no. 174807)
[ view plain ]
| 000 -LEADER | |
|---|---|
| fixed length control field | 02514nam a2200181Ia 4500 |
| 005 - DATE AND TIME OF LATEST TRANSACTION | |
| control field | 20241022113410.0 |
| 008 - FIXED-LENGTH DATA ELEMENTS--GENERAL INFORMATION | |
| fixed length control field | 241022s9999 xx 000 0 und d |
| 040 ## - CATALOGING SOURCE | |
| Transcribing agency | LDD |
| 100 ## - MAIN ENTRY--PERSONAL NAME | |
| Personal name | Ichien, Nicholas |
| 245 #0 - TITLE STATEMENT | |
| Title | Cognitive complexity explains processing asymmetry in judgments of similarity versus difference |
| 260 ## - PUBLICATION, DISTRIBUTION, ETC. | |
| Place of publication, distribution, etc. | Amherst |
| Name of publisher, distributor, etc. | Elsevier |
| Date of publication, distribution, etc. | 2024 |
| 490 ## - Journal | |
| Journal | Cognitive Psychology |
| Volume/sequential designation | 151 |
| 500 ## - GENERAL NOTE | |
| General note | Human judgments of similarity and difference are sometimes asymmetrical, with the former being more sensitive than the latter to relational overlap, but the theoretical basis for this asymmetry remains unclear. We test an explanation based on the type of information used to make these judgments (relations versus features) and the comparison process itself (similarity versus difference). We propose that asymmetries arise from two aspects of cognitive complexity that impact judgments of similarity and difference: processing relations between entities is more cognitively demanding than processing features of individual entities, and comparisons assessing difference are more cognitively complex than those assessing similarity. In Experiment 1 we tested this hypothesis for both verbal comparisons between word pairs, and visual comparisons between sets of geometric shapes. Participants were asked to select one of two options that was either more similar to or more different from a standard. On unambiguous trials, one option was unambiguously more similar to the standard; on ambiguous trials, one option was more featurally similar to the standard, whereas the other was more relationally similar. Given the higher cognitive complexity of processing relations and of assessing difference, we predicted that detecting relational difference would be particularly demanding. We found that participants (1) had more difficulty detecting relational difference than they did relational similarity on unambiguous trials, and (2) tended to emphasize relational information more when judging similarity than when judging difference on ambiguous trials. The latter finding was replicated using more complex story stimuli (Experiment 2). We showed that this pattern can be captured by a computational model of comparison that weights relational information more heavily for similarity than for difference judgments. |
| 650 ## - SUBJECT ADDED ENTRY--TOPICAL TERM | |
| Topical term or geographic name entry element | Psychology |
| 700 ## - ADDED ENTRY--PERSONAL NAME | |
| Personal name | Lin, NyushaHolyoak, Keith J.Lu, Hongjing |
| 856 ## - ELECTRONIC LOCATION AND ACCESS | |
| Uniform Resource Identifier | <a href="https://www.sciencedirect.com/science/article/abs/pii/S001002852400032X">https://www.sciencedirect.com/science/article/abs/pii/S001002852400032X</a> |
| 942 ## - ADDED ENTRY ELEMENTS (KOHA) | |
| Koha item type | Article |
| Date last seen | Total checkouts | Price effective from | Koha item type | Lost status | Damaged status | Not for loan | Withdrawn status | Home library | Current library | Date acquired |
|---|---|---|---|---|---|---|---|---|---|---|
| 10/22/2024 | 10/22/2024 | Article | Library and Documentation Division NCERT | Library and Documentation Division NCERT | 10/22/2024 |





